Computer science today : recent trends and developments

Αποθηκεύτηκε σε:
Λεπτομέρειες βιβλιογραφικής εγγραφής
Άλλοι συγγραφείς: Leeuwen, J. van (Jan)
Μορφή: Βιβλίο
Γλώσσα:English
Δημοσίευση: Berlin : New York : Springer, c1995
Σειρά:Lecture notes in computer science ; ; 1000
Θέματα:
Ετικέτες: Προσθήκη ετικέτας
Δεν υπάρχουν, Καταχωρήστε ετικέτα πρώτοι!

MARC

LEADER 00000cam a2200000 i 4500
001 1/52415
008 970123s1995 eng d
020 |a 3540601058 ((Berlin : softcover : acid-free paper)) 
035 |l 10027337 
040 |a GR-MY-UA  |b gre  |e aacr 
041 0 |a eng 
082 0 |a 004 
245 1 0 |a Computer science today :  |b recent trends and developments /  |c Jan van Leeuwen, ed 
260 |a Berlin :   |a New York :   |b Springer,   |c c1995 
300 |a xiii, 641 σ.;  |b εικ.;  |c 24 cm 
490 1 |a Lecture notes in computer science  |v ; 1000 
504 |a Περιέχει βιβλιογραφικές παραπομπές και ευρετήριο 
650 0 0 |a Computer science. 
700 1 |a Leeuwen, J. van (Jan) 
830 0 |a Lecture notes in computer science ;  |v ; 1000 
852 |a INST  |b CHIOS  |e 19970123  |h 004 COM  |p 005200012040  |q 005200012040  |t BK  |y 0 
909 |a Χ  |b 049305